000 00572nam a2200145Ia 4500
008 231129s2010||||xx |||||||||||||| ||spa||
020 _a978-958-722-078-0
040 _bspa
082 _a305.908162 H493m
100 _aHenao M. Susana
245 0 _aMe subo al barco y viajo en él: Relato de una experiencia de lenguaje en el mundo de los sordos
260 _c2010
264 _aPereira Colombia: Universidad Tecnológica de Pereira. Departamento de Humanidades e Idiomas. Grupo de Investigación en Arte y Cultura
942 _2ddc
_cBKS
999 _c20817
_d20817